Normal view
MARC view
- CORROSIVES AND ANTI-CORROSIVES METALLIC CORROSION
Entry Topical Term
001 - CONTROL NUMBER
- control field: 79997
003 - CONTROL NUMBER IDENTIFIER
- control field: NUST
005 - DATE AND TIME OF LATEST TRANSACTION
- control field: 20210628210554.0
008 - FIXED-LENGTH DATA ELEMENTS
- fixed length control field: 210628|| aca||aabn | a|a d
040 ## - CATALOGING SOURCE
- Original cataloging agency: NUST
- Transcribing agency: NUST
150 ## - HEADING--TOPICAL TERM
- Topical term or geographic name entry element: CORROSIVES AND ANTI-CORROSIVES METALLIC CORROSION
670 ## - SOURCE DATA FOUND
- Source citation: Work cat.: (NUST): Evans, Ulick.R 40939, An introduction to metallic corrosion, 1982
